000 00427nam a2200169Ia 4500
999 _c12314
_d12314
008 141014s9999||||xx |||||||||||||| ||und||
010 _a12164
020 _a84-01-61060-5
040 _aANE
041 _aEs
082 _a036 P715g T.14
100 _aPlaza & Janés, S.A.
245 _aGran Larousse Universal
250 _aS/E
260 _aPlaza & Janes S.A. Barcelona, España
_c1979
300 _a4472
_c30 cm
650 _aEnciclopedia
942 _cBK
_2ddc
_zmbc